000
00337nam a2200157Ia 4500
100
_a
Echelon
650
_a
Electrical Engineering
942
_c
RB
654
_a
Engineering
245
_a
Resource Directory
260
_b
Lonwork Co
_a
India
_c
1995
082
_a
384.545
_b
5029/RE
300
_a
192
546
_a
ENGLISH
999
_c
25476
_d
25476